| 000 | 00560nam a2200193 i 4500 | ||
|---|---|---|---|
| 001 | 125842 | ||
| 003 | ES-MaACL | ||
| 005 | 20230906192716.0 | ||
| 007 | t| | ||
| 008 | 070214s1978 sp r ||||1| spa d | ||
| 100 | 1 |
_aRawlins, Ray. _995609 |
|
| 245 | 1 | 3 |
_aEl libro de los autógrafos / _cRay Rawlins ; traducción de Benito Gómez. |
| 250 | _a1ª. ed. | ||
| 260 |
_aMadrid : _bCampus, _c1978. |
||
| 300 |
_a244 p. : _bil. ; _c27 cm. |
||
| 650 | 4 |
_aAutógrafos. _9135652 |
|
| 700 | 0 |
_aGómez Ibáñez, Benito. _957986 |
|
| 852 |
_aES-MaACL _jL-44 _bR.100777 |
||
| 999 |
_c125842 _d125842 |
||